| 000 | 02220nam a22002417a 4500 | ||
|---|---|---|---|
| 005 | 20240307152558.0 | ||
| 008 | 230721b ||||| |||| 00| 0 eng d | ||
| 020 | _a978-8184676167. | ||
| 040 | _cAL | ||
| 041 | _akan | ||
| 082 |
_223 _aK894.4 _bNEMS |
||
| 100 |
_aNemichandra: ನೇಮಿಚಂದ್ರ _9153495 |
||
| 245 |
_aSolembudu Alpavirama: _bಸೋಲೆಂಬುದು ಅಲ್ಪವಿರಾಮ |
||
| 260 |
_aBengaluru _bNavakarnataka Publications _c2021 |
||
| 300 |
_a248p. _bPB _c21x14cm. |
||
| 365 |
_2Kannada _aBLCR-000022 _b220.00 _c₹ _d275.00 _e20% _f11-07-2023 |
||
| 440 |
_aBaduku Badalisabahudu Ankana Sankalana: ಬದುಕು ಬದಲಿಸಬಹುದು ಅಂಕಣ ಸಂಕಲನ 3 _9128005 |
||
| 520 | _aಸೋಲೆಂಬುದು ಏನಿದ್ದರೂ ಅಲ್ಪ ವಿರಾಮವಷ್ಟೆ. ಸೋಲಿನಾಚೆಗೂ ಒಂದು ಬದುಕು ಕಾದಿದೆ, ಅದು ಕೇವಲ ಉತ್ತಮ ಕೆಲಸ ದೊರಕಿಸಿಕೊಳ್ಳುವುದು - ಅಂಕ ಗಳಿಸುವುದು ಮಾತ್ರವಲ್ಲ. ಎದುರಾಗುವ ಅನಾರೋಗ್ಯ, ಮುಪ್ಪು, ಸಣ್ಣ ಸೋಮಾರಿತನಗಳನ್ನು ಎದುರಿಸುವುದು ಹೇಗೆ ಎನ್ನುದರ ಬಗ್ಗೆ ತಿಳಿಸುತ್ತದೆ. ಕ್ಯಾನ್ಸರ್ ಅನ್ನು ಸವಾಲಾಗಿ ಸ್ವೀಕರಿಸಿ ಮುಂದೆ ಬದುಕಲು ಅವಕಾಶ ಇದೆ ಎಂಬುದನ್ನು ತಿಳಿಸಿ ಹಾಗೂ ಬರದಂತೆ ತಡೆಗಟ್ಟುವುದಕ್ಕೆ ಹಲವು ಸಲಹೆಗಳಿವೆ. ಹಾಗೆಯೇ, ಉತ್ತಮ ಜೀವನ ಶೈಲಿ ರೂಪಿಸುವುದರ ಕುರಿತು, ತಮ್ಮ ಪಯಣದ ಹಾದಿಯಲ್ಲಿ ಸಿಕ್ಕ ‘ಅಸಾಮಾನ್ಯರ’ ಬಗ್ಗೆ ಈ ಕೃತಿ ಮಾತನಾಡುತ್ತದೆ. | ||
| 650 |
_aKannada Prose: ಕನ್ನಡ ಗದ್ಯ _9128006 |
||
| 650 |
_aReallife Incidents Articles: ನಿಜ ಜೀವನ ಆಧಾರಿತ ಬರಹಗಳು _9128007 |
||
| 700 |
_aNEMICHANDRA: ನೇಮಿಚಂದ್ರ _9128008 |
||
| 942 |
_2ddc _cBK |
||
| 999 |
_c228035 _d228035 |
||